Open Data Biblioteca Nacional de Portugal


República Portuguesa: Ministério da Cultura
Biblioteca Nacional de Portugal

Catálogo da BNP: acesso por Identificadores Unívocos
Registos Bibliográficos associados ao registo de autoridade

Etiqueta de registo: 00254nam 2200025 450
001 2284728
003 http://id.bnportugal.gov.pt/bib/catbnp/2284728
100 ## $a20260418d1977 m y0pory01030103ba
101 0# $apor$afre
102 ## $aPT
105 ## $aa t 000yy
106 ## $ar
200 1# $a A captura do fogo$eMathai-Dor$ftexto e des. Victor de La Fuente$gtrad. Jorge Magalhães
210 #9 $aLisboa$cAgência Portuguesa de Revistas,$d1977
215 ## $a48 p.$ctodo il.,$d29 cm
304 ## $aTít. Orig.: La Capture du Feu
317 ## $aColeção Leandro de Moraes Sarmento$5PTBN: L.M.S. 759
517 1# $aMathai-Dor$e a captura do fogo
675 ## $a087.5(084.1)$vmed$zpor$3288233
700 #1 $91$aFuente,$bVictor de la$f1927-2010$31996266
702 #1 $aMagalhães,$bJorge,$f1938-2018$4730$342943
801 #0 $aPT$bBN$gRPC
966 ## $lBN$mFGMON$pBiblioteca particular Leandro de Moraes Sarmento$sL.M.S. 759 $x3

Etiqueta de registo: 00254nam 2200025 450
001 2284871
003 http://id.bnportugal.gov.pt/bib/catbnp/2284871
100 ## $a20260420d1975 m y0pory01030103ba
101 0# $afre
102 ## $aFR
105 ## $aa t 000yy
106 ## $ar
200 1# $aSunday$emon nom est Sunday!$ftexte de Victor Mora$gdessin de Victor de la Fuente
210 #9 $aParis$cLibrairie Hachette,$d1975
215 ## $a48 p.$ctodo il.,$d30 cm
225 2# $aBD Hachette
317 ## $aColeção Leandro de Moraes Sarmento$5PTBN: L.M.S. 576
517 1# $aMon nom est Sunday!
620 ## $dLisboa
675 ## $a087.5$vmed$zpor$3287999
700 #1 $aMora,$bVictor,$f1931-2016$31783725
701 #1 $91$aFuente,$bVictor de la$f1927-2010$4070$31996266
801 #0 $aPT$bBN$gRPC
966 ## $lBN$mFGMON$pBiblioteca particular Leandro de Moraes Sarmento$sL.M.S. 576 $x3

OpendataBNP@bnportugal.pt | Mais informação sobre acesso aos dados BNP